000 00887nam a22001937a 4500
999 _c62901
_d62901
003 Ge_BSU
005 20250320120808.0
008 250318s1956 ge ||||| |||| 00| 0 geo d
041 _ageo
080 _a371.7 (075.8) + 613.955 (075.8) ს-30
245 _aსასკოლო ჰიგიენა : /
_b
_cს.ე. სოვეტოვის რედაქციით ; საქ. სსრ განათლ. სამინისტრო.
250 _aმე-4 გამოცემა
264 _aთბ. :
_bსამეცნ.-მეთოდ. კაბინეტის გამ-ბა,
_c1956.
300 _a434გვ. :
_bილ. ;
_c22 სმ.
653 _aსასკოლო ჰიგიენა
653 _aმედიცინა
700 _aსოვეტოვი, ს.ე.
_eრედაქტორი
_924596
942 _2udc
_cᲬᲘᲒᲜᲘ